00632 2200253 4500001002100000005001700021008004100038020001800079035002400097082001300121090002000134100001200154245002700166250001600193260002700209300002500236500002700261650002500288850001600313980001300329985000600342999001500348999001500363YOGYA-0209000001737820090227022743.0 ind  a979-533-383-6 0010-020900000017378 a621.3133 a621.3133bSum M aSUMANTO aMesin sinkroncSumanto aEd.2, cet.1 aYogyakartabAndic1996 a139 hlmbilusc23 cm aBibliografi : hlm. 139 aMesin tenaga listrik aYOPDYOG (B) a27-01-06 a3 a99P0000201 a99P0000203